MDQL
is popping MORE tags! Check the
thread
!
Quizzes
Events
Quiz Creation
Community
Videos
Private Events
Remove Ads
Sign In
Join for FREE
Feedback
Dark Mode
Quiz Categories
Sports
Geography
Music
Movies
Television
Just For Fun
Miscellaneous
History
Literature
Language
Science
Gaming
Entertainment
Religion
Holiday
For Kids
Quiz Lab
Recent
Popular Today
Quiz Kudos Today
Editor Picks
Curator Picks
Quizzes by...
Day
Popularity
Type
Ratings
Length
Year
Community
Subscriptions
Recent Discussions
Orange Saloon
Badges
Playlists
Quests
Create
Leaderboards
Showdown
Live 5
Trivia Bingo
Activity
Puzzle Library
Sporcle Events
Private Events
Virtual Trivia
Globe League
Become a Host
Pub Owners
SporcleCon
Opinionation
Our Games
Videos
Blog
Mobile Apps
Partnerships
Remove Ads and Go Orange
Feedback
Sports
Athletes
MLB
NBA
NHL
NFL
Soccer
Sports Teams
WWE
NCAA
Football
Premier League
Basketball
Baseball
Hockey
Golf
Tennis
Cricket
Rugby
Auto Racing
Olympics
World Cup
Sports
Athletes
MLB
NBA
NHL
NFL
Soccer
Sports Teams
WWE
NCAA
Football
Premier League
Basketball
Baseball
Hockey
Golf
Tennis
Cricket
Rugby
Auto Racing
Olympics
World Cup
Random Quiz
Search Sporcle
×
Quiz Lab
Quiz Lab
Sports
Football
Type in answers that appear in a list
Type in answers that appear in a list
Classic
Best Score? Go Orange.
FBS Football Schools, Conferences, & Nicknames Stats
Can you name the FBS Football Schools, Conferences, & Nicknames?
By
RockCreator
20m
260 Questions
660 Plays
660 Plays
660 Plays
Comments
Comments
Give Quiz Kudos
Give Quiz Kudos
-
- Ratings
hide this ad
More Info
Replay
Link that replays current quiz
Next Quiz
Link to next quiz in quiz playlist
You Got
0%
They Got
Avg Score
76%
Avg Friend Score
Upgrade to see
Score Distribution
Jump to the score distribution portion of the page
Score
0/260
Timer
20:00
0
Plays Today
% Correct
Texas
93.5%
ACC/Atlantic Coast Conference
92.9%
Florida
92.7%
Big Ten
92.4%
Big 12
91.8%
Tigers
91.5%
Tigers
91.5%
Tigers
91.5%
Tigers
91.5%
Tigers
91.5%
SEC/Southeastern Conference
91.1%
Alabama
90.9%
Florida State
90.6%
Clemson
90.5%
Iowa
90.3%
Ohio
90.3%
Georgia
90.3%
Kansas
90.2%
Oklahoma
90.2%
Michigan
90.2%
Miami (FL)
89.5%
Miami University (OH)
89.5%
North Carolina
89.4%
Oklahoma State
89.2%
Texas A&M
89.2%
Texas Tech
89.1%
Wildcats
89.1%
Wildcats
89.1%
Wildcats
89.1%
Wildcats
89.1%
Ohio State
88.9%
Kansas State
88.6%
Michigan State
88.5%
MIssouri
88.5%
Duke
88.2%
Pacific-12
88.2%
LSU/Louisiana State
88.2%
Auburn
88%
Virginia
87.9%
Longhorns
87.4%
West Virginia
87.3%
USC/Southern California
87.3%
Oregon
87.1%
Virginia Tech
87%
Nebraska
87%
Washington
86.8%
Penn State
86.5%
Notre Dame
86.5%
Kentucky
86.5%
Ole Miss/Mississippi
86.5%
North Carolina State
86.4%
Seminoles
86.4%
Wisconsin
86.4%
Baylor
85.9%
Iowa State
85.9%
Arizona
85.9%
Indiana
85.8%
Washington State
85.8%
Arizona State
85.6%
Oregon State
85.6%
Arkansas
85.6%
Mississippi State
85.6%
Georgia Tech
85.5%
Boston College
85.3%
Tar Heels
85.2%
UCLA/California-Los Angeles
85.2%
Minnesota
85%
Spartans
85%
Bulldogs
85%
Colorado
85%
Tennessee
85%
Bulldogs
85%
Bulldogs
85%
Bulldogs
85%
Spartans
85%
Hurricanes
84.8%
TCU/Texas Christian
84.8%
Bears
84.8%
Utah
84.8%
Jayhawks
84.7%
Sooners
84.7%
Cowboys
84.7%
Cowboys
84.7%
Stanford
84.7%
South Carolina
84.7%
Wolverines
84.5%
Vanderbilt
84.5%
% Correct
Crimson Tide
84.5%
Illinois
84.1%
Buckeyes
84.1%
Blue Devils
83.9%
Pittsburgh
83.9%
Huskies
83.9%
Huskies
83.9%
Huskies
83.9%
Aggies
83.9%
Aggies
83.9%
Aggies
83.9%
Eagles
83.8%
Eagles
83.8%
Northwestern
83.2%
Army
83%
Syracuse
82.9%
California
82.9%
Hokies
82.6%
Big East
82.6%
Wake Forest
82.4%
Hawkeyes
82.4%
Maryland
82.3%
Mountaineers
82.3%
Connecticut
82.3%
Purdue
82.3%
Navy
82.3%
Ducks
82.3%
Cardinal
82.3%
Cornhuskers
82.1%
Wolfpack
81.8%
Red Raiders
81.8%
Wolf Pack
81.8%
Trojans
81.8%
Gators
81.8%
Trojans
81.8%
Badgers
81.5%
BYU/Brigham Young
81.2%
Boise State
80.8%
Horned Frogs
80.3%
Fighting Irish
80.3%
Cavaliers
80.2%
Nittany Lions
79.7%
Yellow Jackets
79.5%
Cougars
79.5%
Cougars
79.5%
Buffalo
79.5%
Cougars
79.5%
Rutgers
79.4%
MAC/Mid-American Conference
79.4%
MWC/Mountain West Conference
79.2%
Louisville
79.1%
Rebels
79.1%
Rebels
79.1%
Cyclones
78.5%
Orange
78.5%
Hoosiers
78.2%
Razorbacks
78.2%
Sun Devils
78%
Volunteers
78%
Bruins
77.7%
Beavers
77.7%
Panthers
77.6%
Independent
77.6%
Golden Gophers
77.3%
Boilermakers
77.3%
Air Force
77.3%
Nevada
77.3%
Gamecocks
77.3%
USF/South Florida
77%
Cardinals
77%
Cardinals
77%
Demon Deacons
76.4%
Golden Bears
76.4%
New Mexico
75.9%
Utes
75.9%
Bulls
75.8%
Fighting Illini
75.8%
UCF/Central Florida
75.8%
Bulls
75.8%
Cincinnati
75.5%
Commodores
75.3%
Terrapins
74.7%
Utah State
74.7%
Houston
73.9%
Eastern Michigan
73.9%
Wyoming
73.6%
Sun Belt
73.6%
% Correct
Broncos
73.3%
UNLV/Nevada-Las Vegas
73.3%
Broncos
73.3%
Conference USA
73.2%
Western Michigan
73.2%
Colorado State
72.7%
Owls
72.4%
Owls
72.4%
Buffaloes
72.4%
Owls
72.4%
Bearcats
72%
Midshipmen
72%
Central Michigan
72%
New Mexico State
72%
Scarlet Knights
71.7%
WAC/Western Athletic Conference
71.2%
Temple
70.8%
Akron
70.2%
Memphis
70%
San Diego State
69.7%
Idaho
69.7%
Bobcats
69.4%
Bobcats
69.4%
Rice
69.2%
Black Knights
68.9%
Fresno State
68.6%
Toledo
68.5%
Hawaii
68.2%
Tulane
68%
Falcons
67.4%
Falcons
67.4%
San Jose State/SJSU
67.3%
Ball State
66.8%
Bowling Green
66.5%
UTEP/Texas-El Paso
65.6%
Knights
65.5%
SMU/Southern Methodist
65.2%
Tulsa
64.7%
Zips
64.5%
Northern Illinois
64.4%
Rams
63.8%
Louisiana Tech
63.8%
Troy
63.6%
FIU/Florida International
63.3%
Marshall
63%
Arkansas State
62.6%
Aztecs
62.4%
Louisiana-Lafayette
62.4%
Lobos
62.1%
Louisiana-Monroe
62.1%
Texas State
62%
Southern Mississippi
61.7%
North Texas
61.7%
ECU/East Carolina
61.5%
FAU/Florida Atlantic
61.5%
Green Wave
61.1%
Massachusetts/UMass
60.9%
Warriors
60.5%
Kent State
60.3%
Western Kentucky
60.2%
Rockets
59.2%
Mustangs
58.9%
Chippewas
58.6%
UAB/Alabama-Birmingham
58.3%
Pirates
57.4%
Middle Tennesse State/MTSU
57.3%
Golden Eagles
57%
RedHawks
56.8%
Miners
56.7%
Vandals
56.5%
UTSA/Texas-San Antonio
55.9%
Thundering Herd
54.7%
Golden Hurricane
54.2%
Mean Green
53.3%
Ragin' Cajuns
53.2%
Minutemen
52.7%
Golden Flashes
52%
Hilltoppers
49.8%
Blazers
49.4%
South Alabama
47.7%
Red Wolves
45.9%
Blue Raiders
45.2%
Roadrunners
43.5%
Warhawks
43%
Golden Panthers
41.5%
Jaguars
39.2%
Quiz Playlist
Details
Report
Send in Message
Add To Playlist
More Info:
Can you guess all 124 FBS Football Schools, the Conference they compete in, and their Nicknames in 20 minutes?
Classic:
Type in answers that appear in a list
Quiz Source
Last Updated: Feb 16, 2017
Quiz Scoreboard
CHALLENGE
Sign Up to Join the Scoreboard
Show All
Scores
Hide
Comments
May contain spoilers
Recently Published
Holiday 10x10 Sorting Gallery
by lukepisani3
Holiday
15m
Two Season TV Shows II
by 123Four
Television
10m
Image Sorting: Flags VI
by Barbecue
Geography
2m
More to Explore
Quiz From the Vault
Featured Blog Post
14 Easter Pick-up Lines to Find Eggs With
hide this ad
You Might Also Like...
Tags
Football Quiz
NCAA Quiz
FBS
NCAA Conference
NCAA Football
NCAA Mascots
Today's Top Quizzes in Sports
Browse Sports
hide this ad
Today's Top Quizzes in Football
Browse Football
Top Contributed Quizzes in Sports
1
Les meilleurs buteurs des matchs entre le PSG et l’OM
2
Les entraîneurs de l'OM et du PSG au 21e siècle
3
2022 World Cup Stars
4
Les joueurs passés par le PSG et l'OM
5
Players with Multiple 50 Home Run Seasons
6
FIFA Club World Cup Champions
7
Criteria MLB: Left Handed Sluggers
8
Les joueurs passés par le LOSC et le RC Lens
9
Top 10 NHL Goal Scorers of All Time
10
NBA Logic Puzzle 2.0
Explore More
Trending Topics
Crossword
Marvel
Kpop
Harry Potter
Anime
Disney
NBA
Puzzle
NFL
WWE
The Office
Country
Pokémon
Song
Soccer
hide this ad
More By:
RockCreator
Quiz
Plays
Rating
Category
Featured
Created
FBS Football Schools, Conferences, & Nicknames
660
4.25
Sports
Sep 7, 2012
Go to Creator's Profile
Score Distribution
Quiz Creator Spotlight
RockCreator
Follow
Send a Message
Quizzes Created
-
Created Quiz Play Count
-
More By This Creator
Popular Quizzes Today
1
Find the US States - No Outlines Minefield
2
Colored Red Africa Blitz
3
Find the 'City' Movie
4
The Countries of the World
5
5x2 Blitz: Bands
6
Find the Countries of Europe - No Outlines Minefield
7
Find the US States
8
US States
More Sports Quizzes
Best 90's WWE/F Matches (According to Cagematch)
Quiz Lab
Trending Quizzes
Colored Red Europe Blitz I
Colored Red Africa Blitz II
Colored Red Europe Blitz II
Even More Two Season TV Shows
Colored Red Africa Blitz III
Recently Updated
Quick Pick: 20 Twenties
pecheneg
March Madness Men's Triple Doubles
pecheneg
How Do You Spell That?
pecheneg
Godzilla Movies
pecheneg
Grab Bag: 4-10 Letters
pecheneg
2024 March Madness Bracket
pecheneg
Famous TV Couples
Peacemaker
Champions League XIs: Real Madrid
pecheneg
Largest US Cities 1790-2010
pecheneg
Rides in Walt Disney World
pecheneg
Trending Topics
Marvel
Kpop
Harry Potter
Anime
Disney
Crossword
NBA
Pokémon
WWE
Puzzle
Soccer
NFL
Song
The Office
Country
Your Account Isn't Verified!
In order to create a playlist on Sporcle, you need to verify the email address you used during registration. Go to your
Sporcle Settings
to finish the process.
Report this User
Report this user for behavior that violates our
Community Guidelines
.
Details:
Send Report
Go to the Sporcle.com Mobile Site →
Comments